000 00563nam a22001817a 4500
005 20251126180816.0
008 251120b |||||||| |||| 00| 0 eng d
020 _a978-93-48565-82-2
041 _aeng
082 _a174 OJH-T
100 _aOJHA, CHIRAG, 2- UDDIN, DR REHAN. 3-SHARMA, DR US
_98751
245 _aA TEXTBOOK OF UNIVERSAL HUMAN VALUES AND PROFESSIONAL ETHICS [ B. PHARMA 3RD SEMESTER]
250 _a1ST ED. 2025
260 _a NEW DELHI
_bINNOVATIVE PUBLICATIONS PVT LTD
_c2025
300 _a138;P
650 _aPHARMACY
_xB. PHARMA
942 _cBK
999 _c8923
_d8921